000 00321nam a22001337a 4500
020 _a81-274-0159-5
082 _a823
_bJOS/T
245 _aTROJAN WAR & OTHER GREEK STORIES
_bGREEK STORIES
260 _aKOTTAYAM
_bAVANTY PUBLICATIONS
_c2009
300 _a80
520 _aSHORT STORY
650 _aSHORT STORY
942 _cBK
999 _c3805
_d3805